| 000 | 01398nam a22001937a 4500 | ||
|---|---|---|---|
| 003 | IT-MiCISF | ||
| 005 | 20210609120248.0 | ||
| 008 | 210609b ||||| |||| 00| 0 eng d | ||
| 040 | _cIT-MiCISF | ||
| 041 | _ait | ||
| 100 |
_aLibanoro Raineri Paola _956099 |
||
| 245 | _aNonninipoti. Un legame speciale | ||
| 260 |
_aCantalupa (TO) _bEffatà _c2014 |
||
| 500 | _afamiglia, rapporti-nonni-nipoti, rapporti-intergenerazionali | ||
| 520 | _aQuello tra nonni e nipoti è un legame familiare del tutto particolare. È, per sua natura, lontano dalla competizione, dalla produttività, dall'efficienza, dall'esigenza di dover costruire una buona immagine di sé, per sé e per gli altri; è caratterizzato dal gioco, dalla gratuità, dallo stare insieme per lo stare insieme, godendo della reciproca presenza, senza dover per forza "produrre". Per il bambino avere un buon rapporto con i nonni vuol dire nutrirsi di un mondo parentale completo. I nonni sono una sorta di ponte storico su cui si sviluppa l'esistenza di ogni futura generazione, sia dentro sia fuori la famiglia. In questo senso i nonni possono favorire oppure ostacolare il rapporto tra genitori e figli e tra questi ultimi e la società. "Nessuno può fare per i bambini quel che fanno i nonni: essi spargono polvere di stelle sulla vita dei più piccoli." | ||
| 650 |
_afamiglia _956036 |
||
| 654 | _asaggio | ||
| 942 |
_2ddc _cBK |
||
| 999 |
_c359315 _d359315 |
||